Guess the city by its landmark - China - Statistics

General Stats
  • This quiz has been taken 21 times
  • The average score is 6 of 9
Answer Stats
Picture Answer % Correct
Beijing
95%
Shanghai
95%
Xi'an
89%
Hong Kong
74%
Lhasa
74%
Macau
53%
Harbin
47%
Urumqi
47%
Chengdu
42%
No matching quizzes found
Score Distribution
Percent of People with Each Score
Percentile by Number Answered
Your Score History
You have not taken this quiz